000 00977nam a2200265Ia 4500
003 OSt
005 20220930095011.0
006 a|||||r|||| 00| 0
007 ta
008 220926b |||||||| |||| 00| 0 hin d
020 _a9788193349946 (hbk)
_cINR 725.00
024 _a66187
037 _bGV719, 09/03/2020, Vani Prakashan
_cTheses
040 _aCRL
_cCRL
_bhin
041 _2hin
_ahin
082 _aY15:44.4497, 152Q8
100 _aयमी, हिसिला, ले.
245 0 _aनेपाल में पीपुल्स वार और महिला मुक्ति
246 _aNepāl mean pīpulsa vār aur mahilā mukti
260 _aदिल्ली
_bग्रंथ शिल्पी भारत
_c2018
300 _a238पृ0
_ap.
_ccm.
650 _aनारी
942 _hY15:44.4497, 152Q8
_cDIS
_2CC
999 _c888137
_d888137